Statistiques concernant Album 21 d'Adele

Cliquez ici pour prendre le quiz!

Statistiques générales

  • Ce quiz a été pris 49 fois
  • Le résultat moyen est 6 sur 11

Statistiques - réponses

HintRéponse% Correct
1.Rolling in the Deep
89%
11.Someone Like You
89%
5.Set Fire to the Rain
72%
3.Turning Tables
67%
9.One and Only
53%
2.Rumour Has It
47%
4.Don't You Remember
42%
6.He Won't Go
39%
10.Lovesong
39%
7.Take it All
39%
8.I'll Be Waiting
36%

Distribution des résultats

Percentile par nombre de réponses

% des personnes avec chaque résultat

Votre développement - résultats

Vous n’avez pas pris ce quiz